Atlas of radiographic anatomy of the dog and cat =
Gorde:
| Egile nagusia: | |
|---|---|
| Formatua: | Liburua |
| Hizkuntza: | Undetermined |
| Argitaratua: |
Berlin
Verlag P. Parey
1978
|
| Gaiak: | |
| Etiketak: |
Etiketa erantsi
Etiketarik gabe, Izan zaitez lehena erregistro honi etiketa jartzen!
|
| Thư viện lưu trữ: | Trung tâm Học liệu Trường Đại học Cần Thơ |
|---|
| LEADER | 00530nam a2200193Ia 4500 | ||
|---|---|---|---|
| 001 | CTU_126098 | ||
| 008 | 210402s9999 xx 000 0 und d | ||
| 082 | |a 636.108 | ||
| 082 | |b S314 | ||
| 100 | |a Schebitz, H. | ||
| 245 | 0 | |a Atlas of radiographic anatomy of the dog and cat = | |
| 245 | 0 | |c H. Schebitz, H. Wilkens | |
| 260 | |a Berlin | ||
| 260 | |b Verlag P. Parey | ||
| 260 | |c 1978 | ||
| 650 | |a Veterinary radiography | ||
| 650 | |x Atlases | ||
| 904 | |i Nguyên | ||
| 980 | |a Trung tâm Học liệu Trường Đại học Cần Thơ | ||